An atlas of corrosion and related failures
Gardado en:
| Autor Principal: | |
|---|---|
| Formato: | Libro |
| Idioma: | inglés |
| Publicado: |
Saint Louis
Materials Technology Institut of The Chemical Process Industries
1987
|
| Series: | MTI publication, 18
|
| Subjects: | |
| Tags: |
Engadir etiqueta
Sen Etiquetas, Sexa o primeiro en etiquetar este rexistro!
|
MARC
| LEADER | 00000nam a2200000 a 4500 | ||
|---|---|---|---|
| 001 | UCX9408 | ||
| 003 | CL-VaPUC | ||
| 008 | 940606e19870000US |||||||||||||||||eng|d | ||
| 082 | 0 | 4 | |a 620.11223 |b WYA |2 21 |
| 100 | 0 | |a Wyatt, L. M |e author |9 527959 | |
| 245 | 1 | 3 | |a An atlas of corrosion and related failures |
| 300 | |a 79 p | ||
| 942 | |c BK | ||
| 945 | |d 19940606 00:00:00 |a mfernand | ||
| 260 | |a Saint Louis |b Materials Technology Institut of The Chemical Process Industries |c 1987 | ||
| 650 | 7 | |a CORROSION |2 CL-VaPUC |9 271912 | |
| 650 | 7 | |a CORROSION CON ESFUERZO |2 CL-VaPUC |9 527960 | |
| 583 | |a last modification |c 19940606 00:00:00 |k Rodrigo Vera | ||
| 490 | 0 | |a MTI publication, 18 | |
| 999 | |c 329265 |d 329263 | ||
| 952 | |0 0 |1 0 |4 0 |6 620_112230000000000_WYA_1987 |7 0 |8 A |9 413643 |a BIBCUR |b BIBCUR |d 2019-11-22 |i 2982935 |o 620.11223 WYA 1987 |p 2982935 |r 2025-04-22 |w 2019-11-22 |y BK |k QUI | ||